00668nam a2200241 a 4500001001300000003000900013005001700022008004100039020001000080082001500090100001700105245002600122260003700148300000900185500003500194505001000229650002700239700001700266902000800283942000700291952011500298999001300413nice12345678IN_TiNIC20260116011338.0050524s1951 newa grp 000 0 eng  ac10000a070.4bWAR aWarren, Carl aModern News Reporting aNew York bHarper and Row c1951 a498p aincludes index and biblioraphy2 aIndex aJournalism-Netherlands1 aWarren, Carl bSRS cBK 001040708StackRoom-aHMIbHMId2007-07-31g100.00l0o070.4 WARp02275r2007-07-31v100.00w2005-05-24yBK c705d705